000 00771nam a22001937a 4500
999 _c182306
_d182306
005 20211108164058.0
010 _aUR-11312
020 _c100.00
_a9789390100767
035 _aU-9867
037 _bDBAD/PUB
082 _a844.8
100 _aمحمد محفو ظ ا لحسن
245 _aمنا ظر عا شق ہر گا نو ی کی آ فا قی بصير ت :کتا بو ں کے حو ا لے سے
_cمحمد محفو ظ ا لحسن
246 _aManazir Ashiq Harganvi Ki Afaqui Basirat:Kitabon Ke Hawale Se (Urdu)
_bby Mohd.Mehfoozul Hasan
260 _aN.Delhi
_c2020 ء
_bEducational Publishing House
270 _aD1/16,Ansari Road,Darya Ganj,
_bNew Delhi
_e110002
_l -
300 _a80 ص
_c22 Cm(Hb)
942 _2ddc
_cUR
_h840.8
_mم ح م